Studies on the utilisation of rubber (Hevea brasiliensis) seed cake as an ingredient in concentrate ration for dairy cows (Record no. 47504)

MARC details
000 -LEADER
fixed length control field 00535nam a2200169Ia 4500
100 ## - MAIN ENTRY--AUTHOR NAME
Personal name Menachery Maggie
245 #0 - TITLE STATEMENT
Title Studies on the utilisation of rubber (Hevea brasiliensis) seed cake as an ingredient in concentrate ration for dairy cows
520 ## - SUMMARY, ETC.
Summary, etc (Only reference available)
650 ## - SUBJECT ADDED ENTRY--TOPICAL TERM
Topical Term Dairy cows
650 ## - SUBJECT ADDED ENTRY--TOPICAL TERM
Topical Term Feed ingredient
650 ## - SUBJECT ADDED ENTRY--TOPICAL TERM
Topical Term Hevea brasiliensis
650 ## - SUBJECT ADDED ENTRY--TOPICAL TERM
Topical Term Rubber seed cake
650 ## - SUBJECT ADDED ENTRY--TOPICAL TERM
Topical Term Utilisation
700 ## - ADDED ENTRY--PERSONAL NAME
Personal name Ananthasubramaniam C R
942 ## - ADDED ENTRY ELEMENTS (KOHA)
Koha item type Bibliography RLSE
Holdings
Withdrawn status Lost status Damaged status Not for loan Home library Current library Date acquired Koha item type
      Bibliography RRII Library RRII Library 31/12/2021 Bibliography RLSE